<?xml version="1.0" encoding="UTF-8"?>
<record
    xmlns:xsi="http://www.w3.org/2001/XMLSchema-instance"
    xsi:schemaLocation="http://www.loc.gov/MARC21/slim http://www.loc.gov/standards/marcxml/schema/MARC21slim.xsd"
    xmlns="http://www.loc.gov/MARC21/slim">

  <leader>02924nam a2200301 i 4500</leader>
  <controlfield tag="003">DO-SdBNP</controlfield>
  <controlfield tag="005">20260526112904.0</controlfield>
  <controlfield tag="007">ta</controlfield>
  <controlfield tag="008">260526e2025    dr ad||gr|||||||| ||spa d</controlfield>
  <datafield tag="020" ind1=" " ind2=" ">
    <subfield code="a">9789945625622.</subfield>
  </datafield>
  <datafield tag="040" ind1=" " ind2=" ">
    <subfield code="a">DO-SdBNP</subfield>
    <subfield code="b">spa</subfield>
    <subfield code="c">BNPHU</subfield>
    <subfield code="e">rda</subfield>
  </datafield>
  <datafield tag="041" ind1=" " ind2=" ">
    <subfield code="a">spa</subfield>
  </datafield>
  <datafield tag="082" ind1=" " ind2=" ">
    <subfield code="b">B862a 2025</subfield>
    <subfield code="2">22</subfield>
  </datafield>
  <datafield tag="100" ind1=" " ind2=" ">
    <subfield code="a">Brito G&#xF3;mez, Aslini Ernesto</subfield>
    <subfield code="9">89755</subfield>
    <subfield code="e">autor</subfield>
  </datafield>
  <datafield tag="245" ind1=" " ind2=" ">
    <subfield code="a">Las alianzas como promotoras de desarrollo humano y educativo / </subfield>
    <subfield code="c">Aslini Ernesto Brito G&#xF3;mez.</subfield>
  </datafield>
  <datafield tag="264" ind1=" " ind2=" ">
    <subfield code="a">Santiago de los Caballeros, Rep&#xFA;blica Dominicana : </subfield>
    <subfield code="b">Universidad Abierta para Adultos, UAPA, </subfield>
    <subfield code="c">2025.</subfield>
  </datafield>
  <datafield tag="300" ind1=" " ind2=" ">
    <subfield code="a">354 p&#xE1;ginas :  </subfield>
    <subfield code="b">ilustraciones, gr&#xE1;ficas ; </subfield>
    <subfield code="c">25 x 18 cm.</subfield>
  </datafield>
  <datafield tag="336" ind1=" " ind2=" ">
    <subfield code="a">texto</subfield>
    <subfield code="b">txt</subfield>
    <subfield code="2">rdacontent</subfield>
  </datafield>
  <datafield tag="337" ind1=" " ind2=" ">
    <subfield code="a">sin mediaci&#xF3;n </subfield>
    <subfield code="b">n</subfield>
    <subfield code="2">rdamedia</subfield>
  </datafield>
  <datafield tag="338" ind1=" " ind2=" ">
    <subfield code="a">volumen</subfield>
    <subfield code="b">nc</subfield>
    <subfield code="2">rdacarrier</subfield>
  </datafield>
  <datafield tag="490" ind1=" " ind2=" ">
    <subfield code="a">Tesis Doctorales ; </subfield>
    <subfield code="v">N&#xFA;mero 1.</subfield>
  </datafield>
  <datafield tag="500" ind1=" " ind2=" ">
    <subfield code="a">Incluye biograf&#xED;a del autor en la parte posterior de la cubierta.</subfield>
  </datafield>
  <datafield tag="504" ind1=" " ind2=" ">
    <subfield code="a">Incluye bibliograf&#xED;a. </subfield>
  </datafield>
  <datafield tag="520" ind1=" " ind2=" ">
    <subfield code="a">El objetivo general de esta investigaci&#xF3;n fue comprender los procesos que se generan durante el establecimiento de las alianzas entre los institutos polit&#xE9;cnicos salesianos dominicanos y los sectores vinculados (SV) del contexto nacional e internacional para promover espacios para el desarrollo humano (DH) desde el enfoque de las capacidades, a fin de sistematizar logros y limitaciones que permitan proponer orientaciones que potencien el desarrollo en instituciones de la modalidad Educaci&#xF3;n T&#xE9;cnico Profesional (ETP) en el pa&#xED;s. La metodolog&#xED;a empleada en este estudio se bas&#xF3; en un enfoque cualitativo e interpretativo con un dise&#xF1;o etnogr&#xE1;fico. Se llevaron a cabo entrevistas semiestructuradas, observaciones y an&#xE1;lisis documental para recopilar informaci&#xF3;n detallada sobre los significados y las experiencias de actores claves involucrados en las alianzas, as&#xED; como las repercusiones de estas alianzas en el desarrollo institucional y el desarrollo humano. Los resultados obtenidos revelaron que las alianzas entre los institutos polit&#xE9;cnicos salesianos y los sectores vinculados han contribuido significativamente al fortalecimiento de las capacidades t&#xE9;cnicas, pedag&#xF3;gicas y de gesti&#xF3;n tanto del personal docente como del estudiantado. Asimismo, se observ&#xF3; una mejora en la pertinencia y calidad de la educaci&#xF3;n t&#xE9;cnico-profesional ofrecida, as&#xED; como una mayor inserci&#xF3;n de los egresados en el mercado laboral nacional e internacional. A partir de los hallazgos, este estudio ofrece orientaciones espec&#xED;ficas para optimizar y expandir las alianzas entre los institutos polit&#xE9;cnicos salesianos y los sectores vinculados, con el fin de promover un desarrollo institucional sostenible y centrado en el ser humano en el &#xE1;mbito de la educaci&#xF3;n t&#xE9;cnico-profesional en Rep&#xFA;blica Dominicana.</subfield>
  </datafield>
  <datafield tag="590" ind1=" " ind2=" ">
    <subfield code="a">Inventariado, 2026/WG.</subfield>
  </datafield>
  <datafield tag="650" ind1=" " ind2="0">
    <subfield code="a">Educaci&#xF3;n de adultos</subfield>
    <subfield code="z">Rep&#xFA;blica Dominicana</subfield>
    <subfield code="9">1479</subfield>
  </datafield>
  <datafield tag="942" ind1=" " ind2=" ">
    <subfield code="2">ddc</subfield>
    <subfield code="c">LBS1</subfield>
  </datafield>
  <datafield tag="952" ind1=" " ind2=" ">
    <subfield code="0">0</subfield>
    <subfield code="1">0</subfield>
    <subfield code="2">ddc</subfield>
    <subfield code="5">1</subfield>
    <subfield code="7">0</subfield>
    <subfield code="8">PD</subfield>
    <subfield code="a">BNPHU</subfield>
    <subfield code="b">BNPHU</subfield>
    <subfield code="c">CT</subfield>
    <subfield code="d">2026-05-26</subfield>
    <subfield code="l">0</subfield>
    <subfield code="o">B862a 2025</subfield>
    <subfield code="p">2026-4592</subfield>
    <subfield code="r">2026-05-26</subfield>
    <subfield code="w">2026-05-26</subfield>
    <subfield code="y">LBS1</subfield>
  </datafield>
  <datafield tag="952" ind1=" " ind2=" ">
    <subfield code="0">0</subfield>
    <subfield code="1">0</subfield>
    <subfield code="2">ddc</subfield>
    <subfield code="5">1</subfield>
    <subfield code="7">0</subfield>
    <subfield code="8">PD</subfield>
    <subfield code="a">BNPHU</subfield>
    <subfield code="b">BNPHU</subfield>
    <subfield code="c">CT</subfield>
    <subfield code="d">2026-05-26</subfield>
    <subfield code="l">0</subfield>
    <subfield code="o">B862a 2025</subfield>
    <subfield code="p">2026-4593</subfield>
    <subfield code="r">2026-05-26</subfield>
    <subfield code="t">e.2</subfield>
    <subfield code="w">2026-05-26</subfield>
    <subfield code="y">LBS1</subfield>
  </datafield>
  <datafield tag="952" ind1=" " ind2=" ">
    <subfield code="0">0</subfield>
    <subfield code="1">0</subfield>
    <subfield code="2">ddc</subfield>
    <subfield code="5">1</subfield>
    <subfield code="7">0</subfield>
    <subfield code="8">PD</subfield>
    <subfield code="a">BNPHU</subfield>
    <subfield code="b">BNPHU</subfield>
    <subfield code="c">CT</subfield>
    <subfield code="d">2026-05-26</subfield>
    <subfield code="l">0</subfield>
    <subfield code="o">B862a 2025</subfield>
    <subfield code="p">2026-4594</subfield>
    <subfield code="r">2026-05-26</subfield>
    <subfield code="t">e.3</subfield>
    <subfield code="w">2026-05-26</subfield>
    <subfield code="y">LBS1</subfield>
  </datafield>
  <datafield tag="999" ind1=" " ind2=" ">
    <subfield code="c">60824</subfield>
    <subfield code="d">60824</subfield>
  </datafield>
</record>
